Autonome Region Kurdistan - Statistiken

Allgemein
  • Dieses Quiz wurde 16 mal gespielt
  • Das Durchschnittsergebnis liegt bei 4 aus 6
Antwortstatistiken
Hint Antwort % Korrekt
Amtsprache Kurdisch
85%
Einwohnerzahl in Millionen 7
77%
Hauptstadt Erbil / Hewlêr
77%
2. größte religiöse Gruppe Jesiden
62%
Größte Stadt in Badinan Duhok
38%
Kulturelle Hauptstadt Slemani / Silêmanî
38%
Keine übereinstimmenden Quizze gefunden
Verteilung der Resultate
Anzahl Personen mit jedem Resultat
Perzentil nach korrekt beantworteten Fragen
Ihre Resultats-Entwicklung
Sie haben dieses Quiz noch nicht gespielt